| 000 | 00773nas a2200265 4500 | ||
|---|---|---|---|
| 001 | BR9704886 | ||
| 003 | BR-BrBNA | ||
| 005 | 20231205100556.0 | ||
| 007 | ta | ||
| 008 | 230509b bl.|||p| |||| 00| 00por d | ||
| 040 |
_aBR-BrBNA _bpor _cBiblioteca Nacional de Agricultura |
||
| 041 | _a(Pt) | ||
| 072 | _aF50 | ||
| 100 | 1 | _aMarchiori, J.N.C. | |
| 100 | 1 | _aBrum, E.T. | |
| 245 | 1 | _aAnatomia da madeira do guamirim-facho, Calyptranthes concinna DC. | |
| 650 | _aMadeira | ||
| 650 | _aEstrutura Vegetal | ||
| 650 | _aAnatomia Vegetal | ||
| 650 | _aMyrtaceae | ||
| 650 | _aRio Grande do Sul | ||
| 773 | 0 |
_tCiencia Rural (Brazil) _xISSN 0103-8478 _g(Apr-Jun 1997), v.27(2) p. 217-222 _wBR9704886 |
|
| 909 |
_a202311 _bLúcia _c55 _dLúcia Elande |
||
| 942 |
_2AGRIS _n0 _cANA |
||
| 999 |
_c156779 _d156779 |
||